Atlas of the Philippines and the world : (Record no. 112465)
[ view plain ]
| 000 -LEADER | |
|---|---|
| fixed length control field | 00269nam a2200097 a 4500 |
| 005 - DATE AND TIME OF LATEST TRANSACTION | |
| control field | 20140414131936.0 |
| 008 - FIXED-LENGTH DATA ELEMENTS--GENERAL INFORMATION | |
| fixed length control field | 110120s19uu xx 00 eng d |
| 050 ## - LIBRARY OF CONGRESS CALL NUMBER | |
| Classification number | REF 912 |
| Item number | At6 2006 |
| 245 ## - TITLE STATEMENT | |
| Title | Atlas of the Philippines and the world : |
| Remainder of title | For elementary. |
| Withdrawn status | Lost status | Damaged status | Home library | Current library | Shelving location | Date acquired | Total Checkouts | Full call number | Barcode | Date last seen | Price effective from | Koha item type |
|---|---|---|---|---|---|---|---|---|---|---|---|---|
| Munich Library | Munich Library | Reference Section | 01/20/2011 | REF 912 At6 2006 | M3765 | 04/14/2014 | 04/14/2014 | Books |